Introduction to geographic information systems

Đã lưu trong:
書目詳細資料
主要作者: Chang, Kang- stung
格式: 圖書
語言:Undetermined
出版: Boston McGraw- Hill 2006
主題:
標簽: 添加標簽
沒有標簽, 成為第一個標記此記錄!
Thư viện lưu trữ: Trung tâm Học liệu Trường Đại học Cần Thơ
LEADER 00522nam a2200193Ia 4500
001 CTU_87587
008 210402s9999 xx 000 0 und d
020 |c 91.73 
082 |a 910 
082 |b C456 
100 |a Chang, Kang- stung 
245 0 |a Introduction to geographic information systems 
245 0 |c Kang- stung Chang 
260 |a Boston 
260 |b McGraw- Hill 
260 |c 2006 
650 |a Geographic information systems 
904 |i M.Loan 
980 |a Trung tâm Học liệu Trường Đại học Cần Thơ